[Event "Saint Affrique op 22nd"]
[Site "Saint Affrique"]
[Date "2014.07.22"]
[Round "5"]
[White "Oganisjan, Roman"]
[Black "Raynal, Francois"]
[Result "1-0"]
[WhiteElo "2245"]
[BlackElo "2008"]
[PlyCount "44"]
[EventDate "2014.07.19"]
[EventType "swiss"]
[EventRounds "9"]
[EventCountry "FRA"]
[SourceTitle "CBM 161 Extra"]
[Source "ChessBase"]
[SourceDate "2014.08.29"]
[SourceVersion "1"]
[SourceVersionDate "2014.08.29"]
[SourceQuality "1"]

1. e4 g6 2. Nc3 c5 3. f4 Bg7 4. Nf3 Nc6 5. Bb5 Nd4 6. 0-0 Nxb5 7. Nxb5 d6 8. Qe1 Nf6 9. d3 0-0 10. Qh4 Bg4 11. e5 Bxf3 12. Rxf3 a6 13. Nc3 dxe5 14. fxe5 Ne8 15. Be3 Bxe5 16. Bxc5 Nf6 17. Re1 Qc7 18. d4 Bd6 19. Rxf6 Bxc5 20. Rf3 Bb4 21. Nd5 a5 22. Nxe7+ Bxe7 1-0

[Event "Saint Affrique op 22nd"]
[Site "Saint Affrique"]
[Date "2014.07.21"]
[Round "4"]
[White "Raynal, Francois"]
[Black "Noireaut, Hoan"]
[Result "1-0"]
[WhiteElo "2008"]
[BlackElo "1674"]
[PlyCount "91"]
[EventDate "2014.07.19"]
[EventType "swiss"]
[EventRounds "9"]
[EventCountry "FRA"]
[SourceTitle "CBM 161 Extra"]
[Source "ChessBase"]
[SourceDate "2014.08.29"]
[SourceVersion "1"]
[SourceVersionDate "2014.08.29"]
[SourceQuality "1"]

1. e4 d6 2. d4 Nf6 3. Nc3 g6 4. Bg5 Bg7 5. Qd2 Nbd7 6. Bh6 0-0 7. Bxg7 Kxg7 8. Bd3 c5 9. Nf3 cxd4 10. Nxd4 b6 11. Nc6 Qe8 12. 0-0 Bb7 13. Nd4 Nc5 14. Rae1 Nfd7 15. f4 Nxd3 16. cxd3 e5 17. Ndb5 Qb8 18. f5 a6 19. Na3 b5 20. Nc2 Qc7 21. Ne3 Nf6 22. Rf3 Qc5 23. Kh1 b4 24. Ncd5 Bxd5 25. Nxd5 Nxd5 26. exd5 f6 27. Rc1 Qxd5 28. Rc7+ Rf7 29. Rxf7+ Qxf7 30. fxg6 hxg6 31. Qxb4 Rc8 32. Rf1 Qd5 33. Rd1 Rc2 34. Qg4 f5 35. Qg5 Kf7 36. h4 Qa8 37. h5 Qg8 38. h6 Rc7 39. d4 Qh8 40. dxe5 Qxe5 41. Qd8 Qe7 42. Qh8 Qh4+ 43. Kg1 Re7 44. Qg7+ Ke8 45. Qxg6+ Kf8 46. Qxf5+ 1-0

[Event "Saint Affrique op 22nd"]
[Site "Saint Affrique"]
[Date "2014.07.20"]
[Round "2"]
[White "Meyer, Bernard"]
[Black "Raynal, Francois"]
[Result "0-1"]
[WhiteElo "1397"]
[BlackElo "2008"]
[PlyCount "32"]
[EventDate "2014.07.19"]
[EventType "swiss"]
[EventRounds "9"]
[EventCountry "FRA"]
[SourceTitle "CBM 161 Extra"]
[Source "ChessBase"]
[SourceDate "2014.08.29"]
[SourceVersion "1"]
[SourceVersionDate "2014.08.29"]
[SourceQuality "1"]

1. d4 Nf6 2. c4 e5 3. dxe5 Ng4 4. e4 Nxe5 5. Nf3 Nbc6 6. Nxe5 Nxe5 7. f4 Ng6 8. Be2 Bc5 9. Bh5 d6 10. Nc3 0-0 11. f5 Ne5 12. Qe2 Nc6 13. Bf3 Re8 14. g4 Qh4+ 15. Kd1 Nd4 16. Qd2 c6 0-1